Normal view
MARC view
Entry Personal Name
001 - CONTROL NUMBER
- control field: 4887
003 - CONTROL NUMBER IDENTIFIER
- control field: BD-RjUL
005 - DATE AND TIME OF LATEST TRANSACTION
- control field: 20220919102819.0
008 - FIXED-LENGTH DATA ELEMENTS
- fixed length control field: 220919|| aca||aabn | a|a d
040 ## - CATALOGING SOURCE
- Original cataloging agency: BD-RjUL
- Transcribing agency: BD-RjUL
100 ## - HEADING--PERSONAL NAME
- Personal name: Sharma, Neelam
670 ## - SOURCE DATA FOUND
- Source citation: Work cat.: (BD-RjUL)80388: Gupta, G. D. 4884, Practical Manual of PHARMACEUTICS-I /, 2020